Normal view
MARC view
Entry Topical Term
001 - CONTROL NUMBER
- control field: 55014
003 - CONTROL NUMBER IDENTIFIER
- control field: OSt
005 - DATE AND TIME OF LATEST TRANSACTION
- control field: 20241010161808.0
008 - FIXED-LENGTH DATA ELEMENTS
- fixed length control field: 241010|| aca||aabn | a|a d
040 ## - CATALOGING SOURCE
- Original cataloging agency: OSt
- Transcribing agency: OSt
150 ## - HEADING--TOPICAL TERM
- Topical term or geographic name entry element: ဖောင်တော်ဦးဘုရား
- Form subdivision: သမိုင်း
- Geographic subdivision: မိုးကုတ်မြို့
670 ## - SOURCE DATA FOUND
- Source citation: Work cat.: (OSt)16693: ဥတ္တရဉာဏ၊ အရှင် 17316, ရတနာမြေ၊ မိုးကုတ်မြို့ဖောင်တော်ဦးဘုရားသမိုင်း /, ၁၉၉၁။